000 00468cam a2200181ua 4500
020 _c3.00
041 _amal
_h
082 _a332.5
_bHUB/MA
100 _aHuberman, Leo .
245 _aManushyante bhoutika sampathu /
_cLeo Huberman.
_hTextual Documents
250 _a2 /
_b.
260 _aKottayam :
_bPrabhatham printing and publishing co. pvt. ltd. ,
_c1960.
300 _a202 ; .
365 _a3.00
504 _a
942 _cBK
999 _c4505
_d4505